相互接壤的面积差距最大的县级行政区 - Statistics

General Stats
  • This quiz has been taken 9 times
  • The average score is 59 of 137
Answer Stats
省级行政区 地级行政区 县级行政区 % Correct
内蒙古自治区 阿拉善盟 阿拉善左旗
89%
内蒙古自治区 乌海市 乌达区
78%
湖南省 长沙市 雨花区
78%
四川省 攀枝花市 东区
78%
新疆维吾尔自治区 乌鲁木齐市 乌鲁木齐县
78%
新疆维吾尔自治区 和田地区 和田市
78%
新疆维吾尔自治区 和田地区 和田县
78%
内蒙古自治区 乌海市 海勃湾区
67%
内蒙古自治区 通辽市 霍林郭勒市
67%
内蒙古自治区 呼伦贝尔市 扎赉诺尔区
67%
内蒙古自治区 呼伦贝尔市 新巴尔虎左旗
67%
内蒙古自治区 呼伦贝尔市 满洲里市
67%
黑龙江省 鸡西市 鸡东县
67%
湖南省 长沙市 浏阳市
67%
新疆维吾尔自治区 乌鲁木齐市 天山区
67%
新疆维吾尔自治区 昌吉回族自治州 昌吉市
67%
新疆维吾尔自治区 (直辖) 石河子市
67%
新疆维吾尔自治区 (直辖) 胡杨河市
67%
河北省 承德市 鹰手营子矿区
56%
河北省 承德市 承德县
56%
内蒙古自治区 包头市 白云鄂博矿区
56%
内蒙古自治区 包头市 达尔罕茂明安联合旗
56%
内蒙古自治区 呼伦贝尔市 新巴尔虎右旗
56%
黑龙江省 鹤岗市 向阳区
56%
安徽省 淮南市 八公山区
56%
安徽省 淮南市 寿县
56%
湖北省 宜昌市 夷陵区
56%
湖南省 株洲市 石峰区
56%
甘肃省 兰州市 城关区
56%
甘肃省 兰州市 安宁区
56%
甘肃省 兰州市 红古区
56%
甘肃省 兰州市 永登县
56%
甘肃省 兰州市 榆中县
56%
青海省 西宁市 城东区
56%
青海省 西宁市 城北区
56%
新疆维吾尔自治区 乌鲁木齐市 新市区
56%
新疆维吾尔自治区 乌鲁木齐市 水磨沟区
56%
新疆维吾尔自治区 乌鲁木齐市 达坂城区
56%
新疆维吾尔自治区 乌鲁木齐市 米东区
56%
新疆维吾尔自治区 克拉玛依市 独山子区
56%
新疆维吾尔自治区 哈密市 伊州区
56%
新疆维吾尔自治区 塔城地区 乌苏市
56%
河北省 张家口市 桥西区
44%
河北省 张家口市 张北县
44%
河北省 承德市 双滦区
44%
河北省 承德市 兴隆县
44%
内蒙古自治区 呼和浩特市 回民区
44%
内蒙古自治区 包头市 东河区
44%
内蒙古自治区 包头市 昆都仑区
44%
内蒙古自治区 包头市 青山区
44%
内蒙古自治区 鄂尔多斯市 康巴什区
44%
内蒙古自治区 鄂尔多斯市 鄂托克旗
44%
内蒙古自治区 鄂尔多斯市 伊金霍洛旗
44%
内蒙古自治区 呼伦贝尔市 扎兰屯市
44%
内蒙古自治区 锡林郭勒盟 东乌珠穆沁旗
44%
辽宁省 阜新市 阜新蒙古族自治县
44%
吉林省 长春市 公主岭市
44%
黑龙江省 齐齐哈尔市 富拉尔基区
44%
黑龙江省 鸡西市 鸡冠区
44%
黑龙江省 鹤岗市 南山区
44%
黑龙江省 鹤岗市 兴安区
44%
黑龙江省 牡丹江市 绥芬河市
44%
安徽省 安庆市 迎江区
44%
安徽省 安庆市 大观区
44%
江西省 景德镇市 珠山区
44%
江西省 景德镇市 浮梁县
44%
湖北省 宜昌市 猇亭区
44%
湖南省 株洲市 荷塘区
44%
湖南省 株洲市 芦淞区
44%
湖南省 常德市 武陵区
44%
湖南省 常德市 桃源县
44%
广东省 河源市 源城区
44%
甘肃省 兰州市 西固区
44%
青海省 海东市 互助土族自治县
44%
新疆维吾尔自治区 乌鲁木齐市 沙依巴克区
44%
新疆维吾尔自治区 乌鲁木齐市 头屯河区
44%
新疆维吾尔自治区 昌吉回族自治州 玛纳斯县
44%
新疆维吾尔自治区 喀什地区 喀什市
44%
新疆维吾尔自治区 塔城地区 沙湾市
44%
新疆维吾尔自治区 (直辖) 新星市
44%
河北省 承德市 隆化县
33%
内蒙古自治区 呼和浩特市 武川县
33%
内蒙古自治区 包头市 固阳县
33%
内蒙古自治区 赤峰市 红山区
33%
内蒙古自治区 赤峰市 松山区
33%
内蒙古自治区 通辽市 扎鲁特旗
33%
内蒙古自治区 巴彦淖尔市 乌拉特前旗
33%
内蒙古自治区 兴安盟 科尔沁右翼中旗
33%
辽宁省 阜新市 海州区
33%
辽宁省 阜新市 新邱区
33%
辽宁省 阜新市 太平区
33%
辽宁省 阜新市 清河门区
33%
辽宁省 阜新市 细河区
33%
吉林省 长春市 绿园区
33%
黑龙江省 哈尔滨市 双城区
33%
黑龙江省 齐齐哈尔市 碾子山区
33%
黑龙江省 齐齐哈尔市 龙江县
33%
黑龙江省 鸡西市 城子河区
33%
黑龙江省 鸡西市 麻山区
33%
黑龙江省 牡丹江市 东安区
33%
黑龙江省 牡丹江市 西安区
33%
黑龙江省 牡丹江市 海林市
33%
黑龙江省 牡丹江市 穆棱市
33%
黑龙江省 牡丹江市 东宁市
33%
安徽省 池州市 东至县
33%
江西省 上饶市 鄱阳县
33%
湖北省 宜昌市 西陵区
33%
湖北省 宜昌市 伍家岗区
33%
广东省 河源市 东源县
33%
重庆市 (直辖) 大渡口区
33%
重庆市 (直辖) 江津区
33%
陕西省 西安市 周至县
33%
陕西省 咸阳市 杨陵区
33%
新疆维吾尔自治区 克孜勒苏柯尔克孜自治州 阿图什市
33%
内蒙古自治区 鄂尔多斯市 达拉特旗
22%
吉林省 长春市 朝阳区
22%
吉林省 长春市 农安县
22%
黑龙江省 哈尔滨市 平房区
22%
黑龙江省 齐齐哈尔市 泰来县
22%
黑龙江省 齐齐哈尔市 甘南县
22%
黑龙江省 鸡西市 滴道区
22%
黑龙江省 鸡西市 梨树区
22%
黑龙江省 鹤岗市 工农区
22%
黑龙江省 鹤岗市 东山区
22%
黑龙江省 鹤岗市 兴山区
22%
黑龙江省 佳木斯市 汤原县
22%
黑龙江省 牡丹江市 爱民区
22%
黑龙江省 牡丹江市 宁安市
22%
江西省 景德镇市 昌江区
22%
广西壮族自治区 梧州市 长洲区
22%
广西壮族自治区 梧州市 藤县
22%
广西壮族自治区 来宾市 兴宾区
22%
广西壮族自治区 来宾市 合山市
22%
四川省 攀枝花市 盐边县
22%
青海省 西宁市 大通回族土族自治县
22%
新疆维吾尔自治区 和田地区 洛浦县
22%
黑龙江省 牡丹江市 林口县
11%
No matching quizzes found
Score Distribution
Percent of People with Each Score
Percentile by Number Answered
Your Score History
You have not taken this quiz